One Subcategory in 15 Categories - Bands Quiz Stats

 Plays Quiz Updated Nov 3, 2018

Score 0/15 Timer 05:00
4 Plays Today
Question Answer Wrong Answers
GAMING: What is the name of the one-hit wonder band that recorded 'Barbie Girl'? Aqua
84.5%
Ignis
2.9%
Terra
4.9%
Ventus
3.7%
MUSIC: Who is not one of the Traveling Wilburys? Ringo Starr
75.3%
Bob Dylan
9.8%
Tom Petty
6.9%
Roy Orbison
7.5%
TELEVISION: Which band was the first to have their video played on MTV? The Buggles
58.5%
Dire Straits
20.8%
Genesis
5.5%
Queen
13.8%
RELIGION: Which of these rappers recorded a song called 'Jesus Walks'? Kanye West
57.2%
Jay-Z
14.1%
Kendrick Lamar
12%
Nas
12.3%
MOVIES: What was the earliest film starring the Beatles? A Hard Day's Night
56%
Yellow Submarine
11.8%
Help!
26.6%
Magical Mystery Tour
4.7%
ENTERTAINMENT: What is the name of the jukebox musical based on the songs by Queen? We Will Rock You
56%
Who Wants to Live Forever
3.5%
We Are the Champions
11.9%
Radio Ga Ga
24.6%
LANGUAGE: In what language (other than English) did Bad Religion record their 1996 single 'Punk Rock Song'? German
52.1%
Portuguese
7.1%
Japanese
23.3%
Russian
13.9%
HISTORY: Which US President is not mentioned in the Billy Joel song 'We Didn't Start the Fire'? Gerald Ford
51.9%
Harry Truman
20.9%
Richard Nixon
5.7%
Ronald Reagan
18.8%
GEOGRAPHY: Kraftwerk come from which German city? Düsseldorf
45.9%
Stuttgart
19.2%
Bremen
7.6%
Frankfurt/Main
26.9%
MISCELLANEOUS: Which of these bands does not have a logo with at least one horizontally mirrored letter? AC/DC
44.3%
Abba
20.6%
Nine Inch Nails
11.5%
Korn
21.2%
SCIENCE: Which band recorded the children's music album 'Here Comes Science'? They Might Be Giants
43.2%
Barenaked Ladies
25.1%
Chumbawamba
12%
Hootie & the Blowfish
15.7%
SPORTS: Which of these bands has never performed at a Super Bowl halftime show? Guns N' Roses
37.5%
The Temptations
41.9%
New Kids on the Block
17.7%
The Black Eyed Peas
2.8%
JUST FOR FUN: Which of these bands has their metal umlaut in the right place? Blue Öyster Cult
35.4%
Queen̈sryche
8.2%
Mötorhead
45.5%
Spïnal Tap
8.9%
HOLIDAY: Which band did not participate in the recording of 'Do They Know It's Christmas?' Tears for Fears
30.9%
Bananarama
25.7%
Duran Duran
10.8%
Spandau Ballet
28.1%
LITERATURE: In the novel 'American Psycho', which band is one of Patrick Bateman's favorites? Genesis
27.6%
Talking Heads
31.4%
Depeche Mode
20.2%
Duran Duran
17.6%

You're not logged in!

Compare scores with friends on all Sporcle quizzes.
OR
Log In

Sporcle TV

Today on Sporcle TV


Watch our educational content, quiz creation guides, and fun videos on Sporcle TV.

Show Comments

Extras

Top Quizzes Today


Score Distribution

Your Account Isn't Verified!

In order to create a playlist on Sporcle, you need to verify the email address you used during registration. Go to your Sporcle Settings to finish the process.

Report this User

Report this user for behavior that violates our Community Guidelines.

Details: